Riego por goteo : teoría y práctica /

Guardado en:
Autor Principal: Medina San Juan, José Antonio.
Formato: Libro
Idioma:Spanish
Publicado: Madrid [etc.] : Mundi-Prensa, 1997.
Edición:4a ed. rev. y ampl.
Etiquetas: Agregar Etiqueta
Sin Etiquetas, Sea el primero en etiquetar este registro!
LEADER 00526nam a22001575a 4500
001 EEA.libagro006126
005 20161006092806.0
008 130809s1997####sp#a##########000#0#spa#d
020 |a 8471146428 
082 0 4 |a 631.587 
100 1 |a Medina San Juan, José Antonio. 
245 1 0 |a Riego por goteo :  |b teoría y práctica /  |c José A. Medina San Juan. 
250 |a 4a ed. rev. y ampl. 
260 |a Madrid [etc.] :  |b Mundi-Prensa,  |c 1997. 
300 |a 302 p. :  |b il., fot. ;  |c 24 cm. 
859 |a AR-BbBCA  |b BIB. AGRONOMIA  |h 631.587  |i M491a4  |p 1998/3485